000 00673cam a2200181ua 4500
020 _c2.00
041 _amal
_h
082 _a894.8121
_bKAV/KA
110 1 _aKavithasmithi .
_b
_c()
245 _aKavitha 1144 /
_cKavithasamithi.
_hTextual Documents
250 _a1 /
_b.
260 _aTrivandrum :
_bKavithasamithi ,
_c1969.
300 _a120 ; .
365 _a2.00
504 _a
942 _cBK
999 _c12632
_d12632